Sports Quiz

Random Sports or Country Quiz
Score 0/49 Timer 07:00
0 Plays Today
Country % Correct
Norway
100%
China
98%
Finland
96%
Italy
96%
Sweden
96%
Canada
94%
France
94%
USA
94%
Austria
92%
Germany
92%
Great Britain
92%
Japan
92%
Spain
92%
Denmark
90%
Russia
88%
Latvia
86%
Netherlands
86%
Switzerland
86%
Ireland
84%
Estonia
82%
Poland
82%
Slovakia
80%
Slovenia
80%
Belarus
78%
Lithuania
78%
Country % Correct
South Korea
78%
Ukraine
78%
Australia
76%
Argentina
74%
Croatia
74%
Czech Republic
74%
Greece
72%
Andorra
70%
Brazil
70%
New Zealand
70%
Hungary
66%
Kazakhstan
66%
Romania
66%
Turkey
66%
Bulgaria
58%
Moldova
58%
Armenia
56%
Macedonia
50%
Bosnia-Herzegovina
48%
Israel
46%
Iran
42%
Venezuela
42%
Kenya
38%
Kyrgyzstan
32%
Come Together.
Have Fun.
All Virtual.
We all need to come together. Play Sporcle's virtual live trivia to have fun, connect with people, and get your trivia on. Join a live hosted trivia game for your favorite pub trivia experience done virtually. If a virtual private party is more your thing, go here for details.

You're not logged in!

Compare scores with friends on all Sporcle quizzes.
OR
Log In

Sporcle TV

Today on Sporcle TV


Watch our educational content, quiz creation guides, and fun videos on Sporcle TV.

Show Comments

Extras

Top Quizzes Today


Score Distribution

Paid Content

Your Account Isn't Verified!

In order to create a playlist on Sporcle, you need to verify the email address you used during registration. Go to your Sporcle Settings to finish the process.

Report this User

Report this user for behavior that violates our Community Guidelines.

Details: